000 00621nam a2200241Ia 4500
003 OSt
005 20220918230503.0
006 a|||||r|||| 00| 0
007 ta
008 220917b |||||||| |||| 00| 0 eng d
024 _a254,066
037 _cTextual
040 _aARTS
_cARTS
_beng
041 _2eng
_aeng
082 _aV63:1wM98, k2
100 _aLuthuli Albert
245 0 _aLet my people go
_b An autobiography
260 _aLondon
_bCollins UK
_c1962
300 _a255p.
_ccm.
650 _aHISTORY
942 _hV63:1wM98, k2
_cTEXL
_2CC
999 _c288185
_d288185